000 00673nam a2200289Ia 4500
005 20260324142814.0
008 008 260324s9999 xx 000 0 eng d
020 _a9781003117186
037 _aEBOOK
040 _aCRL
040 _beng
040 _cCRL
041 _2eng
041 _aeng
084 _qCRL
100 _aIan Hunter
_91213308
245 0 _aRethinking the School
245 0 _bSubjectivity, bureaucracy, criticism
260 _bTaylor and Francis
260 _c1994
365 _a
365 _b190
856 _uhttp://www.taylorfrancis.com/books/9781003117186
942 _cEBOOK
999 _c1817931
_d1817931